Bilecik Bilecik Bilecik Bilecik Bilecik

Psikoloji ve yaşam : (Record no. 51440)

MARC details
000 -BAŞLIK
Sabit Uzunluktaki Kontrol Alanı 01358nam a22004337a 4500
001 - KONTROL NUMARASI
Control Dosyası 0051620
003 - KONTROL NUMARASI KİMLİĞİ
Kontrol Alanı KOHA_MİRAKIL
005 - EN SON İŞLEM TARİHİ ve ZAMANI
Kontrol Alanı 20260207003812.0
007 - FİZİKSEL TANIM SABİT ALAN - GENEL BİLGİ
Sabit uzunluklu kontrol alanı ta
008 - SABİT UZUNLUKTAKİ VERİ ÖGELERİ - GENEL BİLGİ
Sabit Alan 150629b2013 tu a|||gr||||#0|||0|tur |
020 ## - ISBN - ULUSLARARASI STANDART KİTAP NUMARASI
Isbn 9786051332260
040 ## - KATALOGLAMA KAYNAĞI
Özgün Kataloglama Kurumu TR-BiSEU
Kataloglama Dili tur
Çeviri Kurumu TR-BiSEU
Açıklama Kuralları rda
041 0# - DİL KODU
Metin ya da ses kaydının dil kodu tur
044 ## - YAYINLAYAN/ÜRETEN KURULUŞUN ÜLKE KODU
ISO country code tu
050 ## - SINIFLAMA ve YER NUMARASI
Sınıflama Numarası BF121
Yer Numarası .G47 2013
100 1# - KİŞİ ADI
Yazar Adı (Kişi adı) Gerrig, Richard J..
240 10 - TEK BİÇİM BAŞLIK
Tekbiçim Başlık <a href="Psychology and life">Psychology and life</a>
Language of a work Türkçe
245 1# - ESER ADI BİLDİRİMİ
Başlık Psikoloji ve yaşam :
Alt Eseradı vb. psikolojiye giriş =
-- Psychology and life/
Sorumluluk Bildirimi Richard J. Gerrig ; Richard J. Gerrig, Philip G. Zimbardo ; çeviren Gamze Sart.
250 ## - BASIM BİLDİRİMİ
Basım Bildirimi 19. Basımdan Çeviri
264 #1 - ÜRERİM, YAYIN, DAĞITIM ve TELİF BİLDİRİMİ
Yayın yeri İstanbul :
Yayınlayan Nobel Yayınları
Yayın tarihi 2013
300 ## - FİZİKSEL TANIMLAMA
Sayfa, Cilt vb. 622 sayfa :
Diğer fiziki detaylar resimli ;
Boyutları 28 cm.
336 ## - İÇERİK TÜRÜ
Content type term metin
Content type code txt
Source rdacontent
337 ## - MEDYA TÜRÜ
Media type term aracısız
Media type code n
Source rdamedia
338 ## - TAŞIYICI TÜRÜ
Carrier type term cilt
Carrier type code nc
Source rdacarrier
490 1# - DİZİ BİLDİRİMİ
Dizi Bildirimi Nobel Yayın ;
Cilt Numarası No.
490 1# - DİZİ BİLDİRİMİ
Dizi Bildirimi 324.
490 1# - DİZİ BİLDİRİMİ
Dizi Bildirimi Psikoloji ;
Cilt Numarası 4.
500 ## - GENEL NOT
Genel Not Kaynakça var.
500 ## - GENEL NOT
Genel Not Dizin var.
650 #0 - KONU BAŞLIĞI EK GİRİŞ - KONU TERİMİ
Konusal terim veya coğrafi ad Psikolojiye giriş.
9 (RLIN) 96129
650 #0 - KONU BAŞLIĞI EK GİRİŞ - KONU TERİMİ
Konusal terim veya coğrafi ad Psikoloji, temel süreçler.
9 (RLIN) 96130
650 #0 - KONU BAŞLIĞI EK GİRİŞ - KONU TERİMİ
Konusal terim veya coğrafi ad Introduction to Psychology.
9 (RLIN) 96131
650 #0 - KONU BAŞLIĞI EK GİRİŞ - KONU TERİMİ
Konusal terim veya coğrafi ad Psychology, basic processes.
9 (RLIN) 96132
830 1# - SERİ EK GİRİŞİ - TEKBİÇİM ESER ADI
Tekbiçim Başlık Nobel Yayın ;
Volume number/sequential designation No.
9 (RLIN) 2049
830 1# - SERİ EK GİRİŞİ - TEKBİÇİM ESER ADI
Tekbiçim Başlık 324.
9 (RLIN) 18693
830 1# - SERİ EK GİRİŞİ - TEKBİÇİM ESER ADI
Tekbiçim Başlık Psikoloji ;
Volume number/sequential designation 4.
9 (RLIN) 51567
907 ## - LOCAL DATA ELEMENT G, LDG (RLIN)
a Psikoloji
942 ## - EK GİRİŞ ÖGELERİ (KOHA)
Source of classification or shelving scheme Library of Congress Classification
Koha item type Book
Holdings
Materyal Türü Kalıcı Konum Mevcut Konum Raf Yeri Sınıflandırma Kaynağı Edinim Bilgisi Ana Konular Alt Konular Yer Numarası Demirbaş Numarası Fatura Tarihi Maliyet, Alış Fiyatı Maliyet, Yenileme Fiyatı Geri Çekilme Durumu Kayıp Durumu Hasarlı Durumu Kredi için değil Kayıt Tarih Toplam Ödünçverme Son Görülme Tarihi Son Kontrol Tarihi Satın Alma Notu
Book Prof. Dr. Azmi Özcan Kütüphanesi Prof. Dr. Azmi Özcan Kütüphanesi Uluğbey Salonu Library of Congress Classification Satın FELSEFE, PSİKOLOJİ, DİN Psikoloji BF121 .G47 2013 0051620 07/07/2015 27.92 27.92         29/06/2015 3 07/05/2025 07/05/2025 B-984687 - B-984797